00572nam a2200157 a 450000100100000000500170001000800410002704000250006808200150009310000390010824500580014726000590020530000200026495201130028499900170039700003432120200930073634.0111003s1949 dr 000 0 spa d aDO-SdBNPbspacBNPHU axxxbG626o1 aGolibart Gonzalez, Porfirio95875210aOro de mis canciones /cPorfirio Golibart González. aCiudad Trujillo, República DominicanaeRinconc1949. a35 p. ;c24 cm. 001050718RVaPDbPDcCTd2011-10-03iLF1l0oxxx G626op34321-10r2020-06-25w2020-06-25y1ZNo se presta c33812d33812